00358nam a2200097 a 4500008004100000050002400041100002900065245012100094260003600215350000900251080904s2006 ||||||||||||||||| || u aTHESIS/POSTGRADUATE aSiwale, Juliana, Nangogo14aThe role of Loan Officers and Clients in the diffusion of microfinance: A study of Pride Zambia and CetZam in Zambia aDurhambDurham Universityc2006 a0.00